| 000 | 00353 a2200145 4500 | ||
|---|---|---|---|
| 003 | Nust | ||
| 005 | 20230119142618.0 | ||
| 040 | _cNust | ||
| 082 | _a669.092,PRO | ||
| 100 |
_aKrutenat, R,C, _9107134 |
||
| 245 |
_aProceedings of the vacuum matallurgy conference / _cR.C. Krutenat, |
||
| 260 |
_aNew York _c1971 |
||
| 300 | _aVM 104 p | ||
| 942 |
_2ddc _cBK |
||
| 999 |
_c190828 _d190828 |
||